00497nam a2200193 a 4500001001300000003000900013005001700022008004100039020001000080082001300090100002400103245004200127260003300169300000900202500003500211505001700246650001600263700002400279nice12345678IN_TiNIC20260116012509.0050524s1904 ausa grp 000 0 eng  ac10000a239bTIS aTisdall, W St Clair aChristian Reply to Muslim Objections. aAustriabLight of Lifec1904 a225p aincludes index and biblioraphy2 aBibliography aApologetics1 aTisdall, W St Clair